Country Flags with Stars - Sudden Death - Statistics

General Stats
  • This quiz has been taken 95 times
  • The average score is 7 of 13
Answers on the Grid
Answers color-coded by a green-red scale on the quiz's grid according to % correct below.
Angola
Cameroon
Grenada
India
Canada
Jordan
Saudi Arabia
Liberia
Spain
Syria
Tajikistan
Nicaragua
Palau
Slovenia
Slovakia
Turkey
Uganda
Vietnam
Zimbabwe
Somalia
Ukraine
Algeria
Mongolia
Sudan
 
Answer Stats
Answer % Correct
Turkey
81%
Vietnam
80%
Liberia
73%
Cameroon
69%
Somalia
69%
Syria
67%
Algeria
63%
Jordan
53%
Tajikistan
49%
Grenada
40%
Angola
32%
Zimbabwe
25%
Slovenia
17%
No matching quizzes found
Score Distribution
Percent of People with Each Score
Percentile by Number Answered
Your Score History
You have not taken this quiz